00558nam a2200169Ia 4500003000900000008004100009040001600050080001500066100002300081245010700104260003600211300001400247650002000261942000700281999001100288952008900299IN-BaIIA211028s9999 xx 000 0 eng d cIIA Library a910.4bSIM aSimpson, G. C.963 0aBritish (Terra Nova) antartic expedition 1910-1913bvol. III, meteorology, tablescSimpson G. C.  aLondonbHarrison and Sonsc1923 axi, 835p. aMeteorology964 cBK c66d66 00104070aBANbKODcGENd0000-00-00l0o910.4/ SIMp18r2021-11-05w0000-00-00yBK